|
|
|
|
| LEADER |
00000caa a2200000 c 4500 |
| 001 |
1641161361 |
| 003 |
DE-627 |
| 005 |
20220608133412.0 |
| 007 |
tu |
| 008 |
141107s2014 xx ||||| 00| ||ger c |
| 035 |
|
|
|a (DE-627)1641161361
|
| 035 |
|
|
|a (DE-576)416739768
|
| 035 |
|
|
|a (DE-599)BSZ416739768
|
| 040 |
|
|
|a DE-627
|b ger
|c DE-627
|e rakwb
|
| 041 |
|
|
|a ger
|
| 100 |
1 |
|
|a Habermann, Niels
|d 1972-
|0 (DE-588)1138734659
|0 (DE-627)896299155
|0 (DE-576)49268300X
|4 aut
|
| 109 |
|
|
|a Habermann, Niels 1972-
|a Habermann, Niels C. 1972-
|
| 245 |
1 |
0 |
|a Grundlagen und Praxis der ambulanten psychotherapeutischen Behandlung von Sexualstraftätern
|c Niels C. Habermann
|
| 264 |
|
1 |
|c 2014
|
| 336 |
|
|
|a Text
|b txt
|2 rdacontent
|
| 337 |
|
|
|a ohne Hilfsmittel zu benutzen
|b n
|2 rdamedia
|
| 338 |
|
|
|a Band
|b nc
|2 rdacarrier
|
| 773 |
0 |
8 |
|i In
|t Praxis der Rechtspsychologie
|d Göttingen : Hogrefe, 1993
|g 24(2014), 1, Seite 181-195
|w (DE-627)171284356
|w (DE-600)1173568-5
|w (DE-576)038732971
|x 0939-9062
|7 nnas
|
| 773 |
1 |
8 |
|g volume:24
|g year:2014
|g number:1
|g pages:181-195
|
| 935 |
|
|
|a mkri
|
| 951 |
|
|
|a AR
|
| ELC |
|
|
|b 1
|
| LOK |
|
|
|0 000 xxxxxcx a22 zn 4500
|
| LOK |
|
|
|0 001 3303740100
|
| LOK |
|
|
|0 003 DE-627
|
| LOK |
|
|
|0 004 1641161361
|
| LOK |
|
|
|0 005 20160223093748
|
| LOK |
|
|
|0 008 160208||||||||||||||||ger|||||||
|
| LOK |
|
|
|0 040
|a DE-21-110
|c DE-627
|d DE-21-110
|
| LOK |
|
|
|0 852
|z Kein Bestand am IfK; Nachweis für KrimDok
|
| LOK |
|
|
|0 852
|a DE-21-110
|
| LOK |
|
|
|0 852 1
|m v
|9 00
|
| LOK |
|
|
|0 935
|a k110
|
| LOK |
|
|
|0 938
|k v
|
| LOK |
|
|
|0 939
|a 08-02-16
|b l01
|
| ORI |
|
|
|a SA-MARC-krimdoka001.raw
|